000 00436cam a22001457a 4500
008 180718b1990 xxu||||| |||| 00| 0 eng d
020 _a984051220x
082 _aT19x5471 N751
245 _aBangladesh faces the future
_cedited by Ole David Koht Norbye
260 _aDhakay
_bUniv. Press
_c1990
300 _a304p.
650 _aPopulation - Bangladesh
650 _aAgrarian Development - Bangladesh
700 _aNorbye, Ole David Koht
999 _c377599
_d377599